000
00287nam a22001337a 4500
008
170308b xxu||||| |||| 00| 0 eng d
020
_a
9780077349998
041
_a
eng
080
_2
3 ED
_a
611
100
_a
6
101
_a
SHM
245
_a
HUMAN ANATOMY
_c
SALADIN.K.S
942
_2
udc
_c
BK
999
_c
7167
_d
7167